000 00227nam a22000857a 4500
008 161108b xxu||||| |||| 00| 0 eng d
100 _91093
_aSahni g. k
245 _aSewing Machine and Its Maintance
260 _aNew Delhi
_bN B T
_c2004
999 _c3754
_d3754